000 01481cam a2200337 i 4500
001 41911
003 Mx-PuUPA
005 20250219144019.0
008 140415s20012019mx ad gr 000 0 spa d
020 _a9786078635405
040 _aMx-PuUPA
_bspa
_cMx-PuUPA
_dMx-PuUPA
_erda
041 0 _aspa
245 0 3 _aUn camino para la paz :
_bexperiencias y desafíos en la reconstrucción del tejido social /
_ccoordinadores, Jorge Atilano González Candia [y otros dos] ; colaboradores, Celia González Décto [y otros diez]
264 1 _aCiudad de México :
_bCentro de Investigación y Acción Social Jesuitas por la Paz,
_c2019
300 _a319 páginas :
_bilustraciones, gráficas, tablas ;
_c23 cm
336 _2rdacontent
_atexto
_btxt
337 _2rdamedia
_asin medio
_bn
338 _2rdacarrier
_avolumen
_bnc
650 7 _2armarc
_913986
_aMovimientos pacifistas
_zMéxico
650 7 _2armarc
_aMovimientos sociales
_zMichoacán
_zMéxico
650 7 _2armarc
_aAntimilitarismo
_xSociología
650 7 _2armarc
_aPacifismo
_zMéxico
_zMorelia, Michoacán
650 7 _2armarc
_aMovieminetos por la paz
_xSociología
_zMéxico
700 1 _aGonzález Candia, Jorge Atilan,
_ecoordinador
700 1 _aGonzález Décto, Celia,
_ecolaborador
942 _2ddc
_cLI
_h303.6097237
_iC72
999 _c41911
_d41911